00630nam a2200157 a 450000100100000000500170001000800410002704000250006808200150009310000320010824501830014026000790032330000170040250400290041970000240044800002931020200930055452.0110414s2004 dr 000 0 spa d aDO-SdBNPbspacBNPHU axxxxbI91m1 aIturralde-Vinent, Manuel A.14aLos mamíferos terrestres de las antillas mayores :bnotas sobre la paleografía, biogeografía, irradicaiones y extinciones /cManuel A. Iturralde-Vinent, Ross D. E. MacPhee. aSanto Domingo :bAcademia de Ciencias de la República Dominicana,c2004. a30 p. :bil. aBibligrafía : p. 25-301 aMacPhee, Ross D. E.